000 00578nam a2200205Ia 4500
005 20250326145607.0
008 250326s9999 xx 000 0 und d
037 _aTextbook
040 _aFMSL
_beng
_cFMSL
041 _aeng
_2eng
084 _aX:8C Q2
_qFMSL
100 _aSchmitt D B
_9751447
245 0 _aAdvances in accounting behavioral research
_cSchmitt D B
260 _aUnited Kingdom
_bUnited Kingdom, Emerald
_c2015
300 _a214p
365 _b8903.7000000000007
650 _aManagement
942 _cTB
_hX:8C Q2
999 _c1308115
_d1308115